Testing burnout measure to online learners during the covid pandemic : (Record no. 22239)
[ view plain ]
| 000 -LEADER | |
|---|---|
| fixed length control field | 00950nam a22002177a 4500 |
| 003 - CONTROL NUMBER IDENTIFIER | |
| control field | OSt |
| 005 - DATE AND TIME OF LATEST TRANSACTION | |
| control field | 20250211161620.0 |
| 008 - FIXED-LENGTH DATA ELEMENTS--GENERAL INFORMATION | |
| fixed length control field | 241004b |||||||| |||| 00| 0 eng d |
| 040 ## - CATALOGING SOURCE | |
| Transcribing agency | 0 |
| 100 ## - MAIN ENTRY--PERSONAL NAME | |
| Personal name | Cabalse, Pia Cheska G. |
| Relator term | author. |
| 9 (RLIN) | 62306 |
| 245 ## - TITLE STATEMENT | |
| Title | Testing burnout measure to online learners during the covid pandemic : |
| Remainder of title | a validation study on the burnout assessment tool (BAT-SS) short version for students / |
| Statement of responsibility, etc. | Pia Cheska G. Cabalse, Shanah Mae V. Cabral, Steven Dave T. Durado, and Ryan Dale B. Elnar. |
| 260 ## - PUBLICATION, DISTRIBUTION, ETC. (IMPRINT) | |
| Place of publication, distribution, etc. | Philippines ; |
| Name of publisher, distributor, etc. | University of Mindanao, |
| Date of publication, distribution, etc. | 2022. |
| 300 ## - PHYSICAL DESCRIPTION | |
| Extent | volume 14, pages 156-180, |
| Other physical details | illustration. |
| 500 ## - GENERAL NOTE | |
| General note | Research Journal, v. 14, iss. 1, pages 156-180, 2022. |
| 700 ## - ADDED ENTRY--PERSONAL NAME | |
| Personal name | Cabalse, Pia Cheska G. |
| Relator term | author. |
| 9 (RLIN) | 62306 |
| 700 ## - ADDED ENTRY--PERSONAL NAME | |
| Personal name | Cabral, Shanah Mae V. |
| Relator term | author. |
| 9 (RLIN) | 64971 |
| 700 ## - ADDED ENTRY--PERSONAL NAME | |
| Personal name | Durado, Steven Dave T. |
| Relator term | author. |
| 9 (RLIN) | 64972 |
| 700 ## - ADDED ENTRY--PERSONAL NAME | |
| Personal name | Elnar, Ryan Dale B. |
| Relator term | author. |
| 9 (RLIN) | 64973 |
| 720 ## - ADDED ENTRY--UNCONTROLLED NAME | |
| Name | |
| 942 ## - ADDED ENTRY ELEMENTS (KOHA) | |
| Source of classification or shelving scheme | Dewey Decimal Classification |
| Koha item type | Periodicals |
| Withdrawn status | Lost status | Source of classification or shelving scheme | Damaged status | Not for loan | Collection code | Home library | Current library | Date acquired | Total Checkouts | Date last seen | Price effective from | Koha item type | Public note |
|---|---|---|---|---|---|---|---|---|---|---|---|---|---|
| Dewey Decimal Classification | Periodicals | UM Digos College - LIC | UM Digos College - LIC | 10/04/2024 | 10/04/2024 | 10/04/2024 | Periodicals | Periodical Article |
